| 000 | 00500nam a2200193Ia 4500 | ||
|---|---|---|---|
| 005 | 20240823054326.0 | ||
| 008 | 240823s9999||||xx |||||||||||||| ||und|| | ||
| 020 | _a978-0-07-022392-9 | ||
| 041 | _aENGLISH | ||
| 082 | _A658.456 p9 | ||
| 100 | _aBarbara J Streibel | ||
| 245 | 0 | _aPlan ad Conduct Effective Meetings | |
| 250 | _a1st | ||
| 260 |
_c2009 _b"Tata McGraw-Hill Publishing Company Ltd,New " |
||
| 500 | _aYES | ||
| 650 |
_aPlan and Conduct _bGeneral |
||
| 942 | _cBK | ||
| 999 |
_c226193 _d226193 |
||